[Event "OLBA 2122 SC Brombach - OSG Baden-Baden"]
[Site "?"]
[Date "2021.10.10"]
[Round "1.4"]
[White "Barth, Can-Elian"]
[Black "Schlosser, Philipp"]
[Result "0-1"]
[WhiteElo "2033"]
[BlackElo "2507"]
[PlyCount "132"]
[EventDate "2021.??.??"]

1. d4 d5 2. c4 e6 3. Nc3 c6 4. e4 dxe4 5. Nxe4 Bb4+ 6. Bd2 Qxd4 7. Bxb4 Qxe4+
8. Ne2 Nd7 9. Qd6 Qe5 10. Qd2 Ngf6 11. O-O-O c5 12. Bc3 Qc7 13. f3 b6 14. Qg5
Rb8 15. Ng3 h6 16. Qe3 Kf8 17. Bd3 Bb7 18. Ne4 Nxe4 19. Bxe4 Bxe4 20. Qxe4 Ke7
21. Bxg7 Nf6 22. Bxf6+ Kxf6 23. Qh4+ Kg6 24. Rd2 Rbd8 25. Rhd1 Rxd2 26. Rxd2
Re8 27. Qg3+ Qxg3 28. hxg3 Re7 29. Rd6 f5 30. Kd2 Kf6 31. Ke3 h5 32. b3 Rg7 33.
Kf2 Ke7 34. Rd2 Rh7 35. f4 h4 36. gxh4 Rxh4 37. Kf3 Rh1 38. Kf2 Ra1 39. Ke2 Kf6
40. Kf2 e5 41. fxe5+ Kxe5 42. Ke3 Re1+ 43. Kf2 Rc1 44. Ke3 Rc3+ 45. Ke2 Kf4 46.
Kf2 a5 47. Re2 a4 48. Rb2 Ke4 49. Ke2 axb3 50. axb3 Rd3 51. Kf2 Kd4 52. Ke2 Kc3
53. Rb1 Rg3 54. Kf2 f4 55. Re1 Kxb3 56. Rb1+ Kxc4 57. Rxb6 Rd3 58. Rf6 Rd4 59.
Ke2 Kc3 60. Rf8 c4 61. Rc8 Kc2 62. Rb8 c3 63. Rc8 Kb2 64. Rb8+ Kc1 65. Rc8 c2
66. Rf8 Rb4 0-1

[Event "OLBA 2122 SC Brombach - OSG Baden-Baden"]
[Site "?"]
[Date "2021.10.10"]
[Round "1.5"]
[White "Kachiani-Gersinska, Ketino"]
[Black "Pfau, Michael"]
[Result "1-0"]
[WhiteElo "2290"]
[BlackElo "2012"]
[PlyCount "97"]
[EventDate "2021.??.??"]

1. Nf3 Nc6 2. c4 e5 3. Nc3 Nf6 4. g3 a6 5. Bg2 Bc5 6. e3 Ba7 7. O-O O-O 8. a3
d6 9. b4 Ne7 10. Bb2 c6 11. d4 e4 12. Nd2 d5 13. a4 Bg4 14. Qb3 Rc8 15. Ba3 Re8
16. Rfc1 Qd7 17. a5 Bh3 18. Qd1 Bxg2 19. Kxg2 h5 20. b5 Nf5 21. bxa6 bxa6 22.
cxd5 cxd5 23. Na4 Rxc1 24. Rxc1 h4 25. Nb6 Qe6 26. Qa4 h3+ 27. Kg1 Ne7 28. Rc7
Bb8 29. Rxe7 Rxe7 30. Bxe7 Qxe7 31. Qc6 Qc7 32. Nxd5 Nxd5 33. Qe8+ Kh7 34.
Qxe4+ Kg8 35. Qxd5 Qc1+ 36. Nf1 Qb1 37. Qd8+ Kh7 38. Qh4+ Kg8 39. Qxh3 Qb7 40.
Qf5 Bd6 41. Nd2 g6 42. Qf6 Bc7 43. Qe7 Qc6 44. Ne4 Bxa5 45. d5 Qa4 46. Nf6+ Kg7
47. Ne8+ Kg8 48. Qe5 Kf8 49. d6 1-0

[Event "OLBA 2122 SC Brombach - OSG Baden-Baden"]
[Site "?"]
[Date "2021.10.10"]
[Round "1.6"]
[White "Deubelbeiss, Rene"]
[Black "Mohebbi, Jafar"]
[Result "1/2-1/2"]
[WhiteElo "1932"]
[BlackElo "2267"]
[PlyCount "124"]
[EventDate "2021.??.??"]

1. c4 c5 2. g3 Nc6 3. Bg2 g6 4. Nc3 Bg7 5. Nf3 d6 6. O-O e5 7. d3 Nge7 8. a3 h6
9. Rb1 a5 10. Ne1 Be6 11. Nd5 O-O 12. Nc2 Nd4 13. Nxd4 exd4 14. Nxe7+ Qxe7 15.
b4 axb4 16. axb4 Bg4 17. Re1 Ra2 18. bxc5 Rxe2 19. Rxe2 Qxe2 20. Qxe2 Bxe2 21.
Bf1 Bxf1 22. Kxf1 dxc5 23. Rxb7 Ra8 24. Bf4 Ra1+ 25. Ke2 Ra2+ 26. Kf3 Ra3 27.
Rb8+ Kh7 28. Ke2 Ra2+ 29. Bd2 Be5 30. Re8 Bc7 31. Kd1 Ba5 32. Bxa5 Rxa5 33. Re7
Kg7 34. Ke2 Ra2+ 35. Kf3 Rd2 36. Rc7 Rxd3+ 37. Ke2 Rc3 38. Rxc5 Kf6 39. h4 h5
40. Kd2 Ke6 41. Ke2 Rc2+ 42. Kd3 Rxf2 43. Kxd4 Rd2+ 44. Ke4 f5+ 45. Kf3 Rd3+
46. Kf4 Rd4+ 47. Kf3 Rg4 48. Rc8 Rd4 49. Rc5 Kd6 50. Rc8 Ke6 51. Kf2 f4 52.
gxf4 Rxf4+ 53. Kg3 Rg4+ 54. Kh3 Ke5 55. Re8+ Kd4 56. Rc8 Kc3 57. Rc6 Kb4 58.
Rc8 Rxc4 59. Rxc4+ Kxc4 60. Kg3 Kd5 61. Kf4 Ke6 62. Ke4 Kf6 1/2-1/2

[Event "OLBA 2122 SC Brombach - OSG Baden-Baden"]
[Site "?"]
[Date "2021.10.10"]
[Round "1.7"]
[White "Schulz, Vladimir"]
[Black "Haag, Markus"]
[Result "1-0"]
[WhiteElo "2113"]
[BlackElo "1947"]
[PlyCount "75"]
[EventDate "2021.??.??"]

1. e4 e5 2. Nf3 Nf6 3. d4 Nxe4 4. Bd3 d5 5. Nxe5 Bd6 6. c4 Bxe5 7. dxe5 Be6 8.
cxd5 Nc5 9. Bb5+ c6 10. dxe6 Qxd1+ 11. Kxd1 cxb5 12. exf7+ Kxf7 13. Be3 Nd3 14.
f4 Nxb2+ 15. Ke2 Nc6 16. Nc3 a6 17. Ne4 Nc4 18. Ng5+ Kg6 19. h4 Nb4 20. g4 h5
21. f5+ Kh6 22. Nf7+ Kh7 23. Nxh8 Nxe5 24. Ng6 Nxg4 25. Bc5 Nd5 26. Kf3 b6 27.
Bd4 b4 28. Nf4 Nxf4 29. Kxf4 b5 30. Rac1 Rd8 31. Rhd1 Rd7 32. Bb6 Rf7 33. Rc7
Rf6 34. Bd4 Rd6 35. Rxg7+ Kh6 36. Rxg4 Rxd4+ 37. Rxd4 hxg4 38. Rd6+ 1-0

[Event "OLBA 2122 SC Brombach - OSG Baden-Baden"]
[Site "?"]
[Date "2021.10.10"]
[Round "1.8"]
[White "Wehrle, Maximilian"]
[Black "Schmitt, Daniel"]
[Result "0-1"]
[WhiteElo "1781"]
[BlackElo "2049"]
[PlyCount "62"]
[EventDate "2021.??.??"]

1. d4 d5 2. c4 e6 3. Nf3 Nf6 4. g3 Bb4+ 5. Bd2 Be7 6. Bg2 O-O 7. O-O c6 8. Re1
dxc4 9. a4 c5 10. a5 cxd4 11. Qa4 Nc6 12. Qxc4 a6 13. Na3 e5 14. Nc2 Be6 15.
Qa4 Qd7 16. Nb4 Qd6 17. Nxc6 bxc6 18. e3 c5 19. exd4 exd4 20. Bf4 Qd7 21. Qc2
Bd6 22. Ne5 Bxe5 23. Bxe5 Rac8 24. Bxf6 gxf6 25. Rad1 Kg7 26. Bf1 c4 27. Re4
Bf5 28. Qe2 d3 29. Qe3 Bxe4 30. Qxe4 Rfe8 31. Qh4 Qb5 0-1

[Event "OLBA 2122 SC Viernheim II - SC Untergro"]
[Site "?"]
[Date "2021.10.10"]
[Round "1.1"]
[White "Boric, Muhamed"]
[Black "Wagner, Dennis"]
[Result "1/2-1/2"]
[WhiteElo "2356"]
[BlackElo "2576"]
[PlyCount "116"]
[EventDate "2021.??.??"]

1. d4 Nf6 2. Nf3 g6 3. Bg5 Bg7 4. Nbd2 O-O 5. c3 d6 6. e3 h6 7. Bh4 b6 8. Bd3
Bb7 9. O-O Nbd7 10. Re1 e5 11. e4 Qe8 12. a4 a6 13. Qc2 Nh5 14. Bg3 Nxg3 15.
hxg3 Nf6 16. Nc4 Ng4 17. Ne3 h5 18. dxe5 Nxe3 19. Rxe3 dxe5 20. Ree1 Qe7 21.
Rad1 Bh6 22. Qe2 Rfd8 23. Bc4 a5 24. Bd5 c6 25. Bb3 Qf6 26. Rxd8+ Rxd8 27. Rd1
Rxd1+ 28. Qxd1 Bc8 29. Qd3 Bg4 30. Nh2 Bf8 31. Nxg4 hxg4 32. Qd2 Bc5 33. Bd1
Qe6 34. Qg5 Qa2 35. Qd2 Kg7 36. Qe2 Qb1 37. Kf1 Qc1 38. Qc2 Qh6 39. Kg1 Qg5 40.
Be2 Kf8 41. b4 axb4 42. cxb4 Bxb4 43. Qxc6 Bc5 44. Qc8+ Kg7 45. Qxg4 Qd2 46.
Qf3 Qc2 47. Bb5 Qc1+ 48. Kh2 Qe1 49. Qe2 Qxe2 50. Bxe2 Bxf2 51. g4 Kh6 52. g3
Kg5 53. Kg2 Bd4 54. Kf3 Bc5 55. Bc4 f6 56. Be6 Bd4 57. Bd7 Bc5 58. Be6 Bd4
1/2-1/2

[Event "OLBA 2122 SC Viernheim II - SC Untergro"]
[Site "?"]
[Date "2021.10.10"]
[Round "1.2"]
[White "Abergel, Thal"]
[Black "Podat, Vladimir"]
[Result "1/2-1/2"]
[WhiteElo "2392"]
[BlackElo "2302"]
[PlyCount "85"]
[EventDate "2021.??.??"]

1. e4 e5 2. Nf3 Nc6 3. Bc4 Bc5 4. c3 Nf6 5. b4 Bb6 6. d3 d6 7. a4 a5 8. b5 Ne7
9. Nbd2 O-O 10. Bb3 Ng6 11. Nc4 Bc5 12. O-O Be6 13. Be3 Bxe3 14. Nxe3 Bxb3 15.
Qxb3 Nf4 16. Rad1 Qd7 17. Rfe1 Rfe8 18. g3 Nh3+ 19. Kg2 Ng4 20. Rd2 Nxe3+ 21.
fxe3 h6 22. Rf1 c6 23. bxc6 bxc6 24. Rb2 Ng5 25. Nxg5 hxg5 26. Qb7 Ra7 27. Qxd7
Rxd7 28. Rb6 Rc8 29. Rfb1 Kf8 30. Kf3 Ke7 31. Ra6 Ke6 32. Rbb6 Rdc7 33. Rxa5 g6
34. d4 f5 35. h3 Rh8 36. d5+ cxd5 37. exd5+ Ke7 38. Raa6 e4+ 39. Ke2 Rxh3 40.
Rc6 Rd7 41. c4 Rh2+ 42. Kd1 Rb7 43. Kc1 1/2-1/2

[Event "OLBA 2122 SC Viernheim II - SC Untergro"]
[Site "?"]
[Date "2021.10.10"]
[Round "1.3"]
[White "Fuchs, Heinz"]
[Black "Zaragatski, Ilja"]
[Result "0-1"]
[WhiteElo "2252"]
[BlackElo "2522"]
[PlyCount "82"]
[EventDate "2021.??.??"]

1. c4 Nf6 2. Nc3 e5 3. Nf3 Nc6 4. g3 d5 5. cxd5 Nxd5 6. Bg2 Nb6 7. O-O Be7 8.
a3 O-O 9. b4 Re8 10. d3 Bf8 11. Bb2 a5 12. b5 Nd4 13. e3 Nxf3+ 14. Bxf3 Rb8 15.
Qc2 Bf5 16. Rfd1 Qd7 17. a4 Bg4 18. Qe2 h5 19. Bxg4 hxg4 20. f3 gxf3 21. Qxf3
c6 22. bxc6 bxc6 23. Ba3 Bxa3 24. Rxa3 Nd5 25. Nxd5 cxd5 26. Ra2 Rb3 27. Qe2
Reb8 28. Rf1 d4 29. e4 Qe6 30. Rc2 Rc3 31. Rfc1 Qb3 32. Kg2 g6 33. Rxc3 dxc3
34. Kh3 Kg7 35. g4 Rc8 36. Qc2 Qb6 37. Kg2 Qe3 38. Rf1 Qd4 39. Rc1 Rc6 40. Kh1
Rf6 41. Kg2 Qe3 0-1

[Event "OLBA 2122 SC Viernheim II - SC Untergro"]
[Site "?"]
[Date "2021.10.10"]
[Round "1.4"]
[White "Beikert, Guenther"]
[Black "Schneider, Bernd"]
[Result "1-0"]
[WhiteElo "2396"]
[BlackElo "2271"]
[PlyCount "117"]
[EventDate "2021.??.??"]

1. e4 c5 2. Nf3 e6 3. Qe2 b6 4. g3 Ba6 5. d3 Nc6 6. Bg2 Be7 7. O-O h5 8. c4 h4
9. Nc3 g5 10. h3 Nd4 11. Nxd4 cxd4 12. Nb5 e5 13. f4 gxf4 14. gxf4 d6 15. fxe5
dxe5 16. Rf5 f6 17. Qg4 Kf8 18. Rh5 Bc8 19. Qxh4 Rxh5 20. Qxh5 a6 21. Na3 Be6
22. Bd2 Qe8 23. Qxe8+ Rxe8 24. Nc2 Kg7 25. Kh2 Nh6 26. Rg1 Rh8 27. Bf3+ Kf8 28.
Bxh6+ Rxh6 29. Bg4 Bf7 30. Ne1 Rh8 31. Nf3 Ke8 32. Rf1 Bf8 33. Ng1 Ke7 34. Ne2
Bh6 35. Kg2 Rg8 36. Ng3 Bg6 37. Kf3 Bf4 38. Rf2 a5 39. b3 Kd6 40. a3 Bc1 41.
Ra2 Kc5 42. Ne2 Bg5 43. Rb2 Ra8 44. Kg3 Kd6 45. h4 Be3 46. h5 Bf7 47. Rb1 Rh8
48. Rh1 Ke7 49. Kf3 Kf8 50. Ng3 Bd2 51. Nf5 Be6 52. Nd6 Bxg4+ 53. Kxg4 Rg8+ 54.
Kf3 Kg7 55. Nf5+ Kh7 56. Ne7 Rg5 57. Nd5 f5 58. exf5 Rxf5+ 59. Ke4 1-0

[Event "OLBA 2122 SC Viernheim II - SC Untergro"]
[Site "?"]
[Date "2021.10.10"]
[Round "1.5"]
[White "Kountz, Jochen"]
[Black "Meinhardt, Maximilian"]
[Result "0-1"]
[WhiteElo "2315"]
[BlackElo "2370"]
[PlyCount "58"]
[EventDate "2021.??.??"]

1. e4 e6 2. d4 d5 3. Nc3 Nc6 4. Nf3 Nf6 5. e5 Ne4 6. Bd3 Bb4 7. Bd2 Nxd2 8.
Qxd2 f6 9. a3 Be7 10. Bb5 O-O 11. O-O fxe5 12. Bxc6 exd4 13. Nxd4 bxc6 14. Nxc6
Qd6 15. Nxe7+ Qxe7 16. Rfe1 Qf6 17. Rad1 Rb8 18. b4 Bd7 19. Qd4 a5 20. bxa5
Qxd4 21. Rxd4 c5 22. Rd2 Rf4 23. g3 Rc4 24. Ne4 h6 25. a6 Ra8 26. Nd6 Rc3 27.
Ne4 Rc4 28. Nd6 Ra4 29. c4 R8xa6 0-1

[Event "OLBA 2122 SC Viernheim II - SC Untergro"]
[Site "?"]
[Date "2021.10.10"]
[Round "1.6"]
[White "Spiegel, Stefan"]
[Black "Raupp, Thomas"]
[Result "0-1"]
[WhiteElo "2139"]
[BlackElo "2256"]
[PlyCount "110"]
[EventDate "2021.??.??"]

1. e4 c5 2. Be2 Nc6 3. f4 e6 4. Nf3 d5 5. d3 Nf6 6. e5 Nd7 7. c4 Nb6 8. O-O Be7
9. Nc3 O-O 10. Qe1 Nd4 11. cxd5 Nxe2+ 12. Qxe2 Nxd5 13. Ne4 b6 14. a3 Qd7 15.
Rd1 Ba6 16. Qf2 Rfd8 17. d4 Qa4 18. Be3 Qb3 19. Re1 Qd3 20. Bc1 cxd4 21. Nxd4
Rac8 22. f5 Rc4 23. f6 Qxd4 24. Qxd4 Rxd4 25. fxe7 Nxe7 26. Bg5 R8d7 27. Bxe7
Rxe7 28. Rad1 Red7 29. Rxd4 Rxd4 30. Kf2 Rd5 31. Rc1 Rxe5 32. Rc7 Rxe4 33. Rxa7
g5 34. Rxa6 b5 35. b4 Kf8 36. Ra5 Re5 37. g4 Rd5 38. h3 Ke7 39. a4 bxa4 40.
Rxa4 Rd2+ 41. Kf3 Rd3+ 42. Kg2 Rb3 43. Ra7+ Kf6 44. Rb7 Kg6 45. b5 h6 46. Rb8
Kf6 47. b6 Ke5 48. Rb7 f5 49. gxf5 exf5 50. Re7+ Kf4 51. b7 Rb2+ 52. Kf1 Kf3
53. Ke1 Kg3 54. Rh7 Kxh3 55. Rxh6+ Kg3 0-1

[Event "OLBA 2122 SC Viernheim II - SC Untergro"]
[Site "?"]
[Date "2021.10.10"]
[Round "1.7"]
[White "Sieglen, Joachim"]
[Black "Roettig, Hans-Peter"]
[Result "1/2-1/2"]
[WhiteElo "2192"]
[BlackElo "2061"]
[PlyCount "46"]
[EventDate "2021.??.??"]

1. d4 f5 2. g3 Nf6 3. Bg2 g6 4. Nh3 Bg7 5. Nf4 Nc6 6. h4 e5 7. dxe5 Nxe5 8. Nd2
d5 9. Nf3 Nxf3+ 10. Bxf3 c6 11. c4 dxc4 12. Qc2 Bd7 13. Qxc4 Qe7 14. Be3 Ne4
15. Qb3 b6 16. O-O-O O-O-O 17. Bxe4 Qxe4 18. f3 Qe7 19. Bxb6 axb6 20. Qxb6 Qe5
21. Qa6+ Kc7 22. Qa7+ Kc8 23. Qa6+ Kc7 1/2-1/2

[Event "OLBA 2122 SC Viernheim II - SC Untergro"]
[Site "?"]
[Date "2021.10.10"]
[Round "1.8"]
[White "Schmidt, Stefan"]
[Black "Krieger, Markus"]
[Result "1/2-1/2"]
[WhiteElo "2153"]
[BlackElo "2042"]
[PlyCount "105"]
[EventDate "2021.??.??"]

1. e4 e5 2. Nf3 Nc6 3. Bb5 f5 4. d3 fxe4 5. dxe4 Nf6 6. O-O d6 7. Qd3 Bg4 8. h3
Bxf3 9. Qxf3 Be7 10. Bc4 Qd7 11. a3 O-O-O 12. c3 Nxe4 13. Qxe4 d5 14. Bxd5 Qxd5
15. Nd2 h6 16. Qxd5 Rxd5 17. Ne4 Rhd8 18. b4 Rd1 19. Be3 Rxa1 20. Rxa1 a6 21.
Kf1 Kd7 22. Ke2 Ke6 23. a4 b6 24. f3 Bf8 25. g4 Be7 26. Nd2 Nb8 27. Nb3 Kd5 28.
Kd3 Nd7 29. c4+ Ke6 30. Kc3 c5 31. bxc5 Bxc5 32. Bxc5 Nxc5 33. Nxc5+ bxc5 34.
Rb1 Rf8 35. Rb6+ Kd7 36. Kd3 Rxf3+ 37. Ke4 Rxh3 38. Rxa6 h5 39. Kd5 Rd3+ 40.
Kxc5 hxg4 41. Rg6 g3 42. a5 Ke7 43. a6 Kf7 44. a7 Ra3 45. Rxg3 Rxa7 46. Kd5
Ra5+ 47. c5 Kf6 48. Rf3+ Kg5 49. Re3 Kf4 50. Re4+ Kf3 51. Rxe5 Kf4 52. Re4+ Kf3
53. Re5 1/2-1/2

[Event "OLBA 2122 Karlsruher SF 1853 - BG Buche"]
[Site "?"]
[Date "2021.10.24"]
[Round "2.1"]
[White "Galyas, Miklos"]
[Black "Ruff, Maximilian"]
[Result "1/2-1/2"]
[WhiteElo "2449"]
[BlackElo "2307"]
[PlyCount "61"]
[EventDate "2021.??.??"]

1. c4 c5 2. g3 g6 3. Bg2 Bg7 4. Nc3 Nc6 5. Nf3 d6 6. O-O e5 7. a3 a5 8. d3 Nge7
9. Bd2 O-O 10. Rb1 Rb8 11. Qa4 Bd7 12. Rfc1 b6 13. Qd1 h6 14. Ne1 Be6 15. Nd5
b5 16. b4 axb4 17. axb4 bxc4 18. Nxe7+ Nxe7 19. dxc4 cxb4 20. Bxb4 Nf5 21. Nd3
Re8 22. e3 Qd7 23. c5 dxc5 24. Nxc5 Qxd1+ 25. Rxd1 Ba2 26. Rb2 Bc4 27. Nd7 e4
28. Nxb8 Bxb2 29. Nc6 Bd3 30. Bh3 Rc8 31. Ne7+ 1/2-1/2

[Event "OLBA 2122 Karlsruher SF 1853 - BG Buche"]
[Site "?"]
[Date "2021.10.24"]
[Round "2.2"]
[White "Pfatteicher, Lukas"]
[Black "Dobosz, Henryk"]
[Result "1/2-1/2"]
[WhiteElo "2189"]
[BlackElo "2369"]
[PlyCount "49"]
[EventDate "2021.??.??"]

1. d4 d5 2. c4 c6 3. cxd5 cxd5 4. Bf4 Nf6 5. e3 Nc6 6. Nc3 Bf5 7. Qb3 Na5 8.
Qa4+ Bd7 9. Qc2 e6 10. Bd3 Nc6 11. Qd1 Rc8 12. h3 Bb4 13. Nge2 Qe7 14. O-O Bd6
15. Rc1 h6 16. Bxd6 Qxd6 17. f4 Ne7 18. Nb5 Bxb5 19. Rxc8+ Nxc8 20. Bxb5+ Ke7
21. Qb3 Qb6 22. Rc1 Nd6 23. Bd3 Qxb3 24. axb3 Rc8 25. Ra1 1/2-1/2

[Event "OLBA 2122 Karlsruher SF 1853 - BG Buche"]
[Site "?"]
[Date "2021.10.24"]
[Round "2.3"]
[White "Eisenbeiser, Amadeus"]
[Black "Joeres, Stefan"]
[Result "1/2-1/2"]
[WhiteElo "2392"]
[BlackElo "2187"]
[PlyCount "70"]
[EventDate "2021.??.??"]

1. e4 c5 2. Nf3 e6 3. c4 Nc6 4. d4 cxd4 5. Nxd4 Nf6 6. Nc3 Bb4 7. Nxc6 bxc6 8.
Bd3 e5 9. O-O O-O 10. Qc2 Bc5 11. Bg5 h6 12. Bh4 g5 13. Bg3 d6 14. Be2 Be6 15.
Rab1 a5 16. Kh1 Qe7 17. f3 Nd7 18. Bf2 Bxf2 19. Rxf2 Nc5 20. Bf1 Bd7 21. Na4
Ne6 22. c5 Nd4 23. Qc3 Be6 24. b3 Rfb8 25. Rc1 Kg7 26. cxd6 Qxd6 27. Nc5 f6 28.
Rd2 Bf7 29. Rcd1 Ra7 30. Rc1 Qe7 31. g3 Bh5 32. Rf2 Kh7 33. Bh3 Rb5 34. Bf1 Rb8
35. Bh3 Rb5 1/2-1/2

[Event "OLBA 2122 Karlsruher SF 1853 - BG Buche"]
[Site "?"]
[Date "2021.10.24"]
[Round "2.4"]
[White "Pfrommer, Christoph"]
[Black "Mensch, Etienne"]
[Result "1/2-1/2"]
[WhiteElo "2286"]
[BlackElo "2317"]
[PlyCount "55"]
[EventDate "2021.??.??"]

1. c4 g6 2. Nc3 Bg7 3. g3 Nf6 4. Bg2 O-O 5. Nf3 c5 6. O-O Nc6 7. d4 cxd4 8.
Nxd4 Nxd4 9. Qxd4 d6 10. Qd3 Bf5 11. e4 Be6 12. Bd2 a6 13. b3 Ng4 14. Qe2 Ne5
15. Rac1 Nc6 16. Nd5 b5 17. c5 Nd4 18. Qd3 Bxd5 19. exd5 dxc5 20. Rxc5 e5 21.
dxe6 Nxe6 22. Rd5 Qf6 23. Be3 Rad8 24. Rd1 Rxd5 25. Bxd5 Rd8 26. Qc2 Bf8 27.
Bxe6 Rxd1+ 28. Qxd1 1/2-1/2

[Event "OLBA 2122 Karlsruher SF 1853 - BG Buche"]
[Site "?"]
[Date "2021.10.24"]
[Round "2.5"]
[White "Miltner, Arndt"]
[Black "Nadj, Christian"]
[Result "1-0"]
[WhiteElo "2260"]
[BlackElo "2203"]
[PlyCount "119"]
[EventDate "2021.??.??"]

1. b3 e5 2. Bb2 Nc6 3. Nf3 d6 4. e3 Nf6 5. c4 Bg4 6. h3 Bh5 7. d3 Be7 8. Nc3
Bg6 9. Be2 Nd7 10. Nd5 a5 11. a3 O-O 12. O-O Ncb8 13. d4 c6 14. Nxe7+ Qxe7 15.
dxe5 dxe5 16. Bc3 e4 17. Qd4 f6 18. Nh4 Nc5 19. Nxg6 hxg6 20. Qd1 Nbd7 21. Qc2
Ne5 22. b4 axb4 23. axb4 Ncd3 24. Rxa8 Rxa8 25. Bxe5 Nxe5 26. Qxe4 Qxb4 27. f4
Nf7 28. Qxg6 Qd2 29. Qd3 Ra2 30. Qxd2 Rxd2 31. Kf2 Nd6 32. Kf3 Rc2 33. Rd1 Nxc4
34. Rd8+ Kf7 35. Bxc4+ Rxc4 36. Rd7+ Kg6 37. Rxb7 Rc3 38. h4 f5 39. Rd7 c5 40.
h5+ Kf6 41. Rd6+ Ke7 42. h6 gxh6 43. Rxh6 c4 44. Rc6 Kf7 45. Rc5 Kf6 46. Re5
Rc1 47. g4 fxg4+ 48. Kxg4 c3 49. Rc5 c2 50. Rc6+ Ke7 51. Kf5 Re1 52. Rxc2 Rxe3
53. Rc7+ Kf8 54. Kf6 Re8 55. f5 Ra8 56. Kg6 Ra1 57. Rc8+ Ke7 58. f6+ Kd7 59. f7
Rg1+ 60. Kh5 1-0

[Event "OLBA 2122 Karlsruher SF 1853 - BG Buche"]
[Site "?"]
[Date "2021.10.24"]
[Round "2.6"]
[White "Hirschberg, Valerian"]
[Black "Hajnal, Zoltan"]
[Result "1/2-1/2"]
[WhiteElo "2236"]
[BlackElo "2388"]
[PlyCount "39"]
[EventDate "2021.??.??"]

1. Nf3 d5 2. g3 Nf6 3. Bg2 c6 4. O-O Bf5 5. c4 e6 6. cxd5 exd5 7. d3 Be7 8. Qb3
Qb6 9. Qxb6 axb6 10. Nc3 O-O 11. e4 dxe4 12. Nd4 Bg6 13. dxe4 Rd8 14. Nb3 b5
15. f3 Na6 16. Be3 Rd3 17. Bf2 Nd7 18. Rfd1 Nac5 19. Nxc5 Nxc5 20. a3 1/2-1/2

[Event "OLBA 2122 Karlsruher SF 1853 - BG Buche"]
[Site "?"]
[Date "2021.10.24"]
[Round "2.7"]
[White "Becker, Matthias"]
[Black "Vinke, Andreas"]
[Result "1-0"]
[WhiteElo "2309"]
[BlackElo "2202"]
[PlyCount "71"]
[EventDate "2021.??.??"]

1. e4 e6 2. d4 d5 3. Nc3 Nf6 4. Bg5 Bb4 5. e5 h6 6. Bd2 Bxc3 7. bxc3 Ne4 8. Qg4
Kf8 9. Bd3 Nxd2 10. Kxd2 Qg5+ 11. Qxg5 hxg5 12. f4 gxf4 13. Rf1 Bd7 14. Rxf4
Be8 15. Nh3 Nd7 16. Rhf1 f5 17. exf6 gxf6 18. c4 dxc4 19. Bxc4 Ke7 20. Rg4 Bf7
21. Nf4 Rxh2 22. Re1 f5 23. Rg7 Kf6 24. Rxf7+ Kxf7 25. Bxe6+ Kf6 26. Bxd7 Rd8
27. Nd5+ Kg5 28. Re7 c6 29. Ne3 Kf6 30. Nxf5 Rxg2+ 31. Kd3 Rf2 32. Rh7 Rf3+ 33.
Ke4 Rc3 34. Kf4 Rg8 35. Rh6+ Rg6 36. Rh8 1-0

[Event "OLBA 2122 Karlsruher SF 1853 - BG Buche"]
[Site "?"]
[Date "2021.10.24"]
[Round "2.8"]
[White "Fidlin, Simon"]
[Black "Mede, Istvan"]
[Result "0-1"]
[WhiteElo "1924"]
[BlackElo "2234"]
[PlyCount "46"]
[EventDate "2021.??.??"]

1. e4 d6 2. d4 Nf6 3. Nc3 g6 4. f4 Bg7 5. Nf3 c5 6. Be3 cxd4 7. Qxd4 O-O 8. Qd2
Nc6 9. Bc4 a6 10. a4 Na5 11. Ba2 Be6 12. Bxe6 fxe6 13. b3 Rc8 14. e5 Ng4 15.
Ng5 Nxe3 16. Qxe3 Qc7 17. Nce4 Qxc2 18. Qh3 h6 19. Qxe6+ Kh8 20. h4 Qxg2 21.
Nf7+ Rxf7 22. Qxc8+ Rf8 23. Qh3 Qxe4+ 0-1

[Event "OLBA 2122 SK Ettlingen - SF Bad Mergent"]
[Site "?"]
[Date "2021.10.24"]
[Round "2.1"]
[White "Ikonnikov, Vyacheslav"]
[Black "Rosner, Jonas"]
[Result "1/2-1/2"]
[WhiteElo "2499"]
[BlackElo "2457"]
[PlyCount "61"]
[EventDate "2021.??.??"]

1. d4 d5 2. c4 c6 3. Nf3 Nf6 4. Nc3 e6 5. Bg5 Nbd7 6. cxd5 exd5 7. Qc2 h6 8.
Bh4 Be7 9. e3 O-O 10. Bd3 Re8 11. O-O Ne4 12. Bxe4 Bxh4 13. Bh7+ Kh8 14. Bd3
Be7 15. h3 Bd6 16. e4 dxe4 17. Nxe4 Nf6 18. Nxd6 Qxd6 19. Qc5 Rd8 20. Bc4 Be6
21. Bxe6 Qxe6 22. Rfe1 Qd5 23. Re7 Qxc5 24. dxc5 Rd7 25. Rae1 Kg8 26. Rxd7 Nxd7
27. b4 a5 28. Re7 Rd8 29. a3 axb4 30. axb4 Kf8 31. Re1 1/2-1/2

[Event "OLBA 2122 SK Ettlingen - SF Bad Mergent"]
[Site "?"]
[Date "2021.10.24"]
[Round "2.2"]
[White "Arnold, Max"]
[Black "Kazakouski, Valery"]
[Result "1/2-1/2"]
[WhiteElo "2298"]
[BlackElo "2490"]
[PlyCount "66"]
[EventDate "2021.??.??"]

1. e4 c5 2. Nc3 Nc6 3. Bb5 Nd4 4. Nf3 e6 5. O-O a6 6. Bd3 Nc6 7. b3 d6 8. Bb2
Be7 9. Re1 Bf6 10. Qc1 Nge7 11. Ne2 Ng6 12. h3 O-O 13. Ng3 Nf4 14. Bf1 Bxb2 15.
Qxb2 e5 16. c3 Qf6 17. Re3 h5 18. Rd1 g5 19. d4 g4 20. dxe5 dxe5 21. hxg4 hxg4
22. Nh2 Kg7 23. f3 Rh8 24. Nxg4 Qh4 25. Nf5+ Bxf5 26. exf5 Rh5 27. f6+ Kh8 28.
Re4 Qg3 29. Rxf4 exf4 30. Qe2 Qh4 31. Rd7 Qh1+ 32. Kf2 Qh4+ 33. Kg1 Qh1+
1/2-1/2

[Event "OLBA 2122 SK Ettlingen - SF Bad Mergent"]
[Site "?"]
[Date "2021.10.24"]
[Round "2.3"]
[White "Rakotomaharo, Fy Antenaina"]
[Black "Nippgen, Georg"]
[Result "1-0"]
[WhiteElo "2484"]
[BlackElo "2229"]
[PlyCount "53"]
[EventDate "2021.??.??"]

1. e4 c5 2. Nf3 e6 3. d4 cxd4 4. Nxd4 Nf6 5. Nc3 d6 6. g4 a6 7. g5 Nfd7 8. Be3
b5 9. a3 Bb7 10. f4 Nc6 11. Nxc6 Bxc6 12. Qf3 Qb8 13. Bd3 Qb7 14. b4 Be7 15.
O-O f5 16. Qh3 fxe4 17. Be2 Nf8 18. f5 exf5 19. Qxf5 Bd8 20. a4 g6 21. Qf4 bxa4
22. b5 axb5 23. Nxb5 Be7 24. Nxd6+ Bxd6 25. Qxd6 Ra5 26. Rab1 Rd5 27. Qf6 1-0

[Event "OLBA 2122 SK Ettlingen - SF Bad Mergent"]
[Site "?"]
[Date "2021.10.24"]
[Round "2.4"]
[White "Tschann, Stephan"]
[Black "Neuman, Petr"]
[Result "0-1"]
[WhiteElo "2193"]
[BlackElo "2383"]
[PlyCount "72"]
[EventDate "2021.??.??"]

1. Nf3 g6 2. e4 Bg7 3. d4 d6 4. c3 Nf6 5. Bd3 O-O 6. O-O Nc6 7. Re1 e5 8. h3
Re8 9. Nbd2 Nd7 10. Nb3 a5 11. Be3 a4 12. Nbd2 a3 13. bxa3 Rxa3 14. Qc1 Ra8 15.
a3 Qe7 16. Nc4 Na5 17. Nxa5 Rxa5 18. Qd2 b6 19. Bc4 Bb7 20. dxe5 Nxe5 21. Nxe5
dxe5 22. f3 Rea8 23. Red1 Bc6 24. a4 Bxa4 25. Rdb1 Be8 26. Qb2 Bf8 27. Ba2 h5
28. c4 Qa3 29. Qf2 Qxe3 30. Qxe3 Bc5 31. Qxc5 Rxc5 32. Rb2 Kf8 33. Kf2 Ke7 34.
h4 Bd7 35. Ke2 Be6 36. Rc2 Rxa2 0-1

[Event "OLBA 2122 SK Ettlingen - SF Bad Mergent"]
[Site "?"]
[Date "2021.10.24"]
[Round "2.5"]
[White "Gasthofer, Alexander"]
[Black "Grothe, Thomas"]
[Result "1-0"]
[WhiteElo "2416"]
[BlackElo "2250"]
[PlyCount "93"]
[EventDate "2021.??.??"]

1. Nf3 b6 2. g3 Bb7 3. Bg2 c5 4. c4 g6 5. Nc3 Bg7 6. O-O Nf6 7. d4 cxd4 8. Qxd4
Nc6 9. Qf4 O-O 10. Qh4 Rc8 11. Bh6 Na5 12. b3 Rc5 13. Ng5 Bxg2 14. Kxg2 Qa8+
15. e4 e6 16. Rad1 d5 17. Kg1 dxe4 18. Rfe1 e3 19. Rxe3 Rd8 20. Rxd8+ Qxd8 21.
Bxg7 Kxg7 22. Nxh7 Rh5 23. Qxf6+ Qxf6 24. Nxf6 Kxf6 25. Nb5 Nc6 26. Rd3 Ke7 27.
f4 Rh8 28. Kg2 f5 29. h3 Rc8 30. Rd2 Rh8 31. Nc3 Rc8 32. Ne2 Rc7 33. g4 Rc8 34.
Ng1 Rc7 35. Nf3 Rc8 36. Kg3 Rh8 37. h4 Rg8 38. Ng5 Re8 39. h5 gxh5 40. gxh5 Nd8
41. h6 Nb7 42. Kh4 Nc5 43. Kh5 Nd7 44. h7 Rf8 45. Kg6 Rf6+ 46. Kg7 Nf8 47. h8=N
1-0

[Event "OLBA 2122 SK Ettlingen - SF Bad Mergent"]
[Site "?"]
[Date "2021.10.24"]
[Round "2.6"]
[White "Wehner, Roland"]
[Black "Reinhardt, Bernd"]
[Result "1-0"]
[WhiteElo "2250"]
[BlackElo "2160"]
[PlyCount "85"]
[EventDate "2021.??.??"]

1. e4 d6 2. d4 Nf6 3. Nc3 e5 4. Nge2 Be7 5. h3 c6 6. Be3 Nbd7 7. g4 d5 8. exd5
Nxd5 9. Nxd5 cxd5 10. dxe5 Nxe5 11. Bg2 h5 12. gxh5 Qa5+ 13. Qd2 Qxd2+ 14. Bxd2
Bf5 15. Bc3 f6 16. O-O-O O-O-O 17. Rxd5 Rxd5 18. Bxd5 Rd8 19. Ng3 Bd7 20. Be4
Bc5 21. Rh2 Rh8 22. Bxe5 fxe5 23. Kd2 Rf8 24. Ke2 Rf4 25. f3 Be7 26. b3 b6 27.
a4 Bf6 28. c4 a5 29. Rh1 Kc7 30. Nf1 Rh4 31. Ne3 Be6 32. Bd5 Bc8 33. Be4 Be6
34. Bg6 Kd6 35. Ng4 Bg5 36. Kf2 Bf4 37. Kg2 e4 38. Rd1+ Kc5 39. fxe4 Bxg4 40.
hxg4 Rxg4+ 41. Kf3 Rh4 42. Rd5+ Kc6 43. e5 1-0